Statistics for Maisie Peters - Favourite Ex

Click here to take the quiz!

General Stats

  • This quiz has been taken 51 times
  • The average score is 237 of 269

Answer Stats

Answer% Correct
I
100%
It
100%
We
100%
we
100%
were
100%
a
97%
and
97%
And
97%
best
97%
ex
97%
favourite
97%
Favourite
97%
My
97%
my
97%
worst
97%
You
97%
you
97%
all
93%
care
93%
couldn't
93%
fights
93%
less
93%
night
93%
nights
93%
the
93%
your
93%
'cause
90%
'Cause
90%
cold
90%
each
90%
it's
90%
no
90%
of
90%
on
90%
other
90%
others
90%
to
90%
was
90%
always
86%
for
86%
gold
86%
her
86%
out
86%
touch
86%
cancel
83%
didn't
83%
flinch,
83%
friends
83%
hoping
83%
kissed
83%
open
83%
rush
83%
said
83%
apart
79%
closing
79%
cried
79%
fell
79%
flicker
79%
hopelessly
79%
'just
79%
lights
79%
little
79%
pulled
79%
sleep,
79%
trigger
79%
weeks
79%
when
79%
hands
76%
more'
76%
one
76%
ghosting
72%
nice
72%
us
72%
wasted
72%
both
69%
here,
69%
in
69%
left
69%
thing
69%
things
69%
changing
66%
coasting
66%
give
66%
back
62%
deepest
62%
looking
62%
something
59%
shore
55%
stabs
55%
breaths
38%
hatedd
7%
counldn't
3%

Score Distribution

Percentile by Number Answered

Percent of People with Each Score

Your Score History

You have not taken this quiz